|
|
|
|
| LEADER |
00983Cam#a22002775a#4500 |
| 001 |
023553 |
| 005 |
20160721160632.0 |
| 008 |
120222s1998||||sp a f#f #001|0#spa#d |
| 020 |
|
|
|a 8481743194
|
| 040 |
|
|
|a AR-beUNQ
|
| 082 |
0 |
4 |
|a 610.736 1
|2 21
|
| 100 |
1 |
|
|a Kidd, Pamela Stinson.
|
| 245 |
0 |
2 |
|a Manual de urgencias en enfermería /
|c Pamela Stinson kidd, Patty Sturt.
|
| 260 |
|
|
|a Madrid :
|b Harcourt Brace,
|c 1998.
|
| 300 |
|
|
|a 604 p. :
|b il. ;
|c 28 cm.
|
| 504 |
|
|
|a Incluye bibliografía e índice.
|
| 594 |
|
|
|a LICENCIATURA EN ENFERMERIA
|
| 650 |
|
7 |
|a Servicios sanitarios de urgencia
|2 spines
|
| 650 |
|
7 |
|a Enfermedades
|2 spines
|
| 650 |
|
7 |
|a Terapeútica
|2 spines
|
| 653 |
|
|
|a Enfermería
|
| 700 |
1 |
|
|a Sturt, Patty.
|
| 929 |
|
|
|a COMPRA
|b Ciencia y Técnica
|c Exp. 827-0010/11 Compra 2011
|d 540,00
|e 20120206
|f PAT0041581
|j 42715
|
| 929 |
|
|
|a COMPRA
|b Ciencia y Técnica
|c Exp. 827-0010/11 Compra 2011
|d 540,00
|e 20120206
|f PAT0041582
|j 42716
|
| 942 |
|
|
|c LIB
|n 0
|
| 999 |
|
|
|c 22256
|d 97643
|